| 000 | 01197nam a2200313 i 4500 | ||
|---|---|---|---|
| 001 | 14429 | ||
| 003 | ES-MaACL | ||
| 005 | 20250910234329.0 | ||
| 007 | t| | ||
| 008 | 960902s1996 sp ||||0|aspa j | ||
| 020 | _a84-921456-0-9 | ||
| 080 | _a929 Tedeschi, Giuliana | ||
| 080 | _a343.819.5(438.31 Óswiecim)(093.3) | ||
| 080 | _a343.819.5(438 Brzezinka)(093.3) | ||
| 100 | 1 |
_aTedeschi, Giuliana. _9109506 |
|
| 245 | 1 | 0 |
_aHay un punto de la tierra-- _b: (una mujer en el Lager de Birkenau) / _cGiuliana Tedeschi ; traducción española por María Jesús Baztán. |
| 260 |
_aMadrid : _bLetrúmero, _c1996. |
||
| 300 |
_a189 p. ; _c21 cm. |
||
| 490 | 1 |
_aColección Voz de mujeres ; _vn. 1 |
|
| 600 | 1 | 4 |
_aTedeschi, Giuliana. _9109506 |
| 650 | 0 | 4 |
_aGuerra mundial, 1939-1945- _xCampos de concentración. _913235 |
| 651 | 4 |
_aBirkenau (Polonia, Campo de concentración)- _xHistoria- _vRelatos personales. _9155365 |
|
| 651 | 4 |
_aAuschwitz (Polonia, Campo de concentración) . _9155366 |
|
| 700 | 1 |
_aBaztán, María Jesús. _926755 |
|
| 830 | 0 |
_aColección Voz de mujeres (Letrúmero) _vn. 1 _9179632 |
|
| 852 |
_aES-MaACL _jL-21617 |
||
| 999 |
_c14429 _d14429 |
||